The wild palms

Tallennettuna:
Bibliografiset tiedot
Päätekijä: Faulkner, William (Tekijä)
Aineistotyyppi: Kirja
Kieli:englanti
Julkaistu: Nueva York Random House 1939
Aiheet:
Tagit: Lisää tagi
Ei tageja, Lisää ensimmäinen tagi!

MARC

LEADER 00000nam a2200000 a 4500
001 UCQ2458
003 CL-VaPUC
008 980724e19390000US |||||||||||||||||eng|d
082 0 4 |a 813  |b FAU  |2 21 
100 0 |a Faulkner, William  |e author  |9 313148 
245 1 4 |a The wild palms 
246 1 4 |a The old man 
300 |a 239 p 
942 |c BK 
945 |d 19980724 00:00:00  |a crobeson 
260 |a Nueva York  |b Random House  |c 1939 
650 0 |a Novelas estadounidenses  |9 265217 
650 0 |a Literatura estadounidense  |9 317168 
583 |a last modification  |c 19980724 00:00:00  |k Rodrigo Vera 
999 |c 273278  |d 273276 
952 |0 0  |1 0  |4 0  |6 813_000000000000000_FAU_1939  |7 0  |8 A  |9 308704  |a BIBEDU  |b BIBEDU  |d 2019-11-20  |i 1445766  |o 813 FAU 1939  |p 1445766  |r 2019-11-20  |w 2019-11-20  |y BK  |k LIT